[Event "RUS-chT Premier League 2018"]
[Site "Sochi"]
[Date "2018.05.01"]
[Round "1"]
[White "Iljiushenok, Ilia"]
[Black "Iljin, Artem"]
[Result "1/2-1/2"]
[WhiteElo "2520"]
[BlackElo "2528"]
[Annotator "TA"]
[PlyCount "96"]
[EventDate "2018.??.??"]
[EventCountry "RUS"]
[SourceTitle "playchess.com"]
[Source "ChessBase"]
[SourceQuality "1"]

{[%evp 26,96,35,21,45,11,8,6,27,0,39,34,35,34,26,13,16,15,16,14,15,6,19,20,50,45,63,47,67,70,59,62,50,43,84,63,103,15,69,3,57,62,62,70,212,199,195,39,41,12,96,0,0,0,0,0,12,0,0,0,0,0,0,0,0,0,0,0,0,0,0,0,0]} 1. e4 e5 2. Nf3 Nf6 3. Nxe5 d6 4. Nf3 Nxe4 5. d4 d5 6. Bd3 Bf5 7. O-O Be7 8. Re1 O-O 9. c4 Nc6 10. Nc3 {C42: Petroff Defence: 3 Nxe5 and unusual White 3rd moves} Nxc3 11. bxc3 Bxd3 12. Qxd3 Re8 13. cxd5 Qxd5 14. Bf4 {LiveBook: 6 Games} Bd6 15. Ng5 {[%cal Bf3g5,Bg5e4,Be4c5][%mdl 32]} g6 {[#]} 16. Ne4 $146 {Threatens to win with Nf6+.} ({Predecessor:} 16. Bd2 Be7 17. h4 b5 {1-0 (34) Anand,V (2781)-Charbonneau,P (2490) Mallorca 2004}) 16... Kg7 17. Qf3 Bxf4 (17... Re6 $5 {[%cal Ra8e8]} 18. Nxd6 Qxf3 19. gxf3 cxd6 $14) 18. Qxf4 Qf5 19. Qxf5 gxf5 20. Nc5 Na5 21. g3 c6 22. Kg2 b6 23. Nd3 Re4 24. f3 Rxe1 25. Rxe1 $11 {[%mdl 4096] Endgame KRN-KRN} Kf6 26. h4 Rd8 27. Nf4 $1 Nc4 28. g4 fxg4 29. fxg4 c5 30. d5 b5 {[#]} 31. Kg3 (31. Nh5+ $1 $16 Kg6 32. Re7) 31... h6 (31... Nb6 $11) 32. Nh5+ $1 $14 Kg6 33. Re7 $1 Nb6 $1 34. Rc7 $1 Na4 (34... Nxd5 $14 35. Rxc5 Nb6) 35. Rc6+ $18 ({Stronger than} 35. Rxa7 Nxc3 36. Ra6+ Kh7 $11) 35... Kh7 36. g5 $2 (36. d6 $18) 36... hxg5 $14 37. hxg5 Nxc3 (37... c4 $1 $11 {keeps the balance.}) 38. Rh6+ (38. Nf6+ $16 Kg7 39. Rxc5 Nxa2 40. d6 (40. Rxb5 Kg6 $16)) 38... Kg8 $11 {The position is equal.} 39. Nf6+ Kg7 $1 {[#]} 40. d6 $1 {[%mdl 512]} Ne2+ (40... Rxd6 41. Ne8+) 41. Kg4 c4 42. Rh2 Nd4 43. Rh7+ Kg6 {Hoping for ...Nf5.} 44. Rh6+ Kg7 45. Kh5 {White threatens Rh7+ and mate.} Rh8 $1 {[%cal Rh8h6] White must now prevent ...Rxh6+.} 46. d7 {Intending Rxh8 and mate.} Nc6 $1 47. Ne8+ Kg8 {aiming for ...Rxh6+.} 48. Nf6+ Kg7 {Precision: White = 61%, Black = 47%.} 1/2-1/2

[Event "RUS-chT Premier League 2018"]
[Site "Sochi"]
[Date "2018.05.01"]
[Round "1"]
[White "Chernobay, Artem"]
[Black "Faizrakhmanov, Ramil"]
[Result "1-0"]
[WhiteElo "2510"]
[BlackElo "2426"]
[Annotator "TA"]
[PlyCount "79"]
[EventDate "2018.??.??"]
[EventCountry "RUS"]
[SourceTitle "playchess.com"]
[Source "ChessBase"]
[SourceQuality "1"]

{[%evp 21,79,13,26,0,0,0,0,0,0,0,0,0,26,0,30,6,13,8,20,14,14,16,22,24,49,38,78,35,120,101,102,101,105,94,152,125,125,123,140,140,214,208,255,246,227,234,391,391,331,296,310,318,346,344,1012,996,5698,4376,5557,5370]} 1. d4 Nf6 2. Nf3 e6 3. Bf4 c5 4. e3 b6 5. Nbd2 Bb7 6. c3 Be7 7. h3 O-O 8. Bd3 cxd4 9. exd4 d6 10. Qe2 Nbd7 {[%cal Bb8d7,Bd7f8,Bf8g6][%mdl 32]} 11. O-O Re8 {LiveBook: 48 Games. A47: 1 d4 Nf6 2 Nf3 b6: Torre, London and Colle Systems} (11... a6 12. a4 Re8 13. Bh2 h6 14. Rfe1 Bf8 15. Nc4 Qc7 16. Ne3 Nd5 17. Nxd5 Bxd5 18. Bxa6 Bxf3 19. gxf3 {1-0 (34) Carlsen,M (2837)-Akobian,V (2647) Riadh 2017}) 12. Nc4 Nf8 13. a4 $146 ({Predecessor:} 13. Rfe1 Ng6 14. Bh2 Nd5 15. Qd2 Rc8 16. a4 {0-1 (42) Van de Mortel,J (2300)-Pliester,L (2420) Leeuwarden 1993}) 13... Ng6 {The position is equal.} 14. Bh2 Nd5 15. Qd2 a6 16. Rfe1 Rc8 17. Na3 Qd7 18. Nc2 b5 19. axb5 axb5 20. Ra5 Bc6 21. Rea1 Rb8 22. Nfe1 Rb7 23. Be4 h6 24. Ra6 Nb6 ({Black should play} 24... Rb6 $14) 25. Bxg6 $16 fxg6 26. Nb4 Bd5 27. Nxd5 (27. Ned3 {with more complications.} g5 28. f3 Bb3 29. Qf2 Rc8 30. Bg3) 27... exd5 (27... Nxd5 $142 28. Qd3 g5) 28. Qd3 Kh7 29. Nc2 Bg5 30. Nb4 Qe6 {[#]} (30... Bh4 $16 31. Bf4 Rf8) 31. Bg3 $1 $18 ({But not} 31. Qxb5 $2 Nc4 $19) 31... Qd7 32. h4 Bd8 33. h5 Re6 $2 (33... Qf5 {might work better.} 34. hxg6+ (34. Bxd6 Qxd3 35. Nxd3 gxh5 $16) 34... Qxg6 35. Qxg6+ Kxg6 36. Bxd6 Kh7) 34. hxg6+ Rxg6 35. Rxb6 Bxb6 36. Nxd5 Qf7 37. Nf4 {[%cal Bd5f4,Bf4g6,Bg6e5][%mdl 32]} d5 $2 (37... Qe8 38. Nxg6 Qxg6 39. Qxb5 Qe4) 38. Ra8 {White is clearly winning.} ({Not} 38. Nxg6 Qxg6 39. Qf3 (39. Qxb5 Qxg3 40. Qxb6 Rxb6 $14) 39... Qf7 $18) 38... Ra7 39. Nxg6 {[%csl Gg6][%cal Ra8h8] [#]} Rxa8 40. Ne5+ {Precision: White = 64%, Black = 38%.} 1-0

[Event "RUS-chT Premier League 2018"]
[Site "Sochi"]
[Date "2018.05.01"]
[Round "1"]
[White "Hasangatin, Ramil"]
[Black "Triapishko, Alexandr"]
[Result "1/2-1/2"]
[WhiteElo "2502"]
[BlackElo "2504"]
[Annotator "TA"]
[PlyCount "80"]
[EventDate "2018.??.??"]
[EventCountry "RUS"]
[SourceTitle "playchess.com"]
[Source "ChessBase"]
[SourceQuality "1"]

{[%evp 9,80,31,30,27,27,10,7,2,0,16,7,-6,-8,-7,2,-25,-31,-22,0,3,3,3,5,3,15,12,22,6,7,0,28,24,28,19,28,28,29,27,38,38,31,28,36,30,32,12,17,6,6,6,6,0,2,0,14,12,14,0,12,12,11,0,8,0,0,0,7,0,0,0,0,0,0]} 1. d4 d5 2. Bf4 c5 3. e3 Nc6 4. c3 Qb6 5. Qb3 c4 (5... Nf6 6. Nd2 c4 7. Qc2 Nh5 8. Bg5 h6 9. Bh4 g5 10. Be2 Ng7 11. Bg3 Bf5 12. Qc1 e6 {1-0 (41) Carlsen,M (2832)-So,W (2812) Leuven 2017}) 6. Qc2 {D00: 1 d4 d5: Unusual lines} e5 7. Bxe5 $146 ({Predecessor:} 7. dxe5 Bf5 8. Qc1 g5 9. Bg3 h5 10. h3 f6 11. Nf3 O-O-O 12. Nd4 Nh6 13. Nxc6 Qxc6 {1-0 (48) Fotin,V (2315)-Kezin,R (2450) Moscow 2018}) 7... Bf5 8. Qc1 ({Not} 8. Qxf5 $2 Qxb2 9. Nd2 Qxa1+ 10. Qb1 Qxb1+ 11. Nxb1 Nxe5 $19) 8... Nxe5 9. dxe5 f6 10. e6 Bc5 11. Nf3 Ne7 {[%cal Bg8e7,Be7c6,Bc6b4,Bb4d3][%mdl 32]} 12. Nd4 Bxd4 13. cxd4 Nc6 14. Be2 Nb4 15. O-O Qxe6 16. Nc3 O-O 17. Qd2 Bd3 18. a3 Bxe2 19. Qxe2 Nd3 20. b3 Rad8 21. Rfd1 f5 22. Nxd5 $1 Rxd5 23. bxc4 {[#]} Rxd4 $1 {[%mdl 512] And now ...Rfd8 would win.} 24. Rxd3 (24. exd4 Qxe2) 24... Rxc4 25. Rad1 Rc7 26. Rd6 Qc4 27. Qxc4+ Rxc4 $14 {[%mdl 4096] Endgame KRR-KRR. The position is equal.} 28. Rd7 Rf7 $1 {[%cal Rf7d7] [#] Hoping for ...Rxd7.} 29. Rd8+ Rf8 30. R8d7 Rf7 $1 {[%cal Rf7d7] aiming for ...Rxd7.} 31. g3 Rc7 32. Rd8+ Rf8 33. R1d7 Rxd7 34. Rxd7 $11 {KR-KR} Rf7 35. Rd8+ Rf8 36. Rd7 Rf7 37. Rd8+ Rf8 38. Rd7 Rf7 39. Rd8+ Rf8 40. Rd7 Rf7 {Precision: White = 61%, Black = 67%.} 1/2-1/2

[Event "RUS-chT Premier League 2018"]
[Site "Sochi"]
[Date "2018.05.01"]
[Round "1"]
[White "Golubov, Saveliy"]
[Black "Vdovin, Maxim"]
[Result "1-0"]
[WhiteElo "2491"]
[BlackElo "2139"]
[Annotator "TA"]
[PlyCount "95"]
[EventDate "2018.??.??"]
[EventCountry "RUS"]
[SourceTitle "playchess.com"]
[Source "ChessBase"]
[SourceQuality "1"]

{[%evp 15,95,0,36,0,25,10,17,12,24,0,21,-8,-3,-6,0,0,0,0,0,0,0,-14,28,19,20,14,26,0,110,113,117,127,105,106,139,112,93,107,108,82,128,131,170,169,193,183,172,146,227,172,187,179,263,256,260,271,353,353,375,358,525,347,384,369,524,524,524,524,524,517,29976,29977,29977,833,29978,29979,29969,29970,29968,5085,29972,29973]} 1. c4 Nf6 2. Nc3 e6 3. e4 d5 4. e5 d4 5. exf6 dxc3 6. bxc3 Qxf6 7. d4 c5 8. Nf3 Qd8 {LiveBook: 4 Games. A18: English Opening: Flohr-Mikenas System (1 c4 Nf6 2 Nc3 e6 3 e4)} (8... cxd4 9. Bg5 Qf5 10. cxd4 Bb4+ 11. Bd2 Qa5 12. Bd3 Nc6 13. Rb1 Bxd2+ 14. Qxd2 Rb8 15. Rb5 Qxd2+ 16. Kxd2 b6 17. d5 Nd8 18. Rhb1 Bd7 19. Ra5 {1-0 (27) Wang,H (2713)-Saduakassova,D (2479) Hanoi 2018}) 9. a3 $146 ({Predecessor:} 9. Bd3 Be7 10. O-O Nd7 11. Bf4 Nf6 12. a4 O-O 13. a5 cxd4 14. cxd4 Bb4 15. Bc2 Bxa5 16. Qd3 {1-0 (45) Stevic,H (2601)-Sertic,R (2389) Sibenik 2012}) 9... Be7 {[%cal Bf8e7,Be7f6,Bf6e5][%mdl 32]} 10. Bd3 Nc6 {[%cal Rc5d4] The position is equal.} 11. Be3 Qa5 12. Bd2 Bf6 13. d5 Ne5 14. Nxe5 Bxe5 15. Qc2 Qc7 16. g3 h6 17. O-O $36 {[%mdl 2048] White is pushing.} O-O 18. Rfe1 Rd8 19. Bh7+ Kh8 20. Be4 Bd7 21. Qd1 Qd6 (21... exd5 $11 {keeps the balance.} 22. cxd5 Kg8) 22. Qh5 $16 f5 {Threatens to win with ...Be8.} 23. Bg2 exd5 24. Bxd5 {Black must now prevent Rxe5!} ({Much weaker is} 24. cxd5 $6 Rf8 $11) 24... Kh7 25. Bxb7 Rab8 26. Bd5 Qf6 27. Qf3 Rb2 {[#]} 28. Bg5 $1 {[%mdl 512]} Qxg5 29. Rxe5 Re8 30. Rxe8 Bxe8 31. h4 Qf6 (31... Qg4 $16) 32. Qe3 Qf8 33. Re1 Bg6 (33... Bh5 {might work better.} 34. Qe7 Qxe7 35. Rxe7 Rc2 36. Rxa7 Rxc3) 34. Qe7 $18 Qxe7 35. Rxe7 {[%mdl 4096] Endgame KRB-KRB} Rb3 36. Rxa7 Rxc3 37. Ra8 f4 (37... Rc1+ $142 38. Kg2 f4 39. gxf4 Re1 40. Bg8+ Kh8) 38. gxf4 {Hoping for Bg8+.} Bd3 {[#]} 39. h5 $1 {[%cal Bh4h5,Bh5h6][%mdl 32] Strongly threatening Bg8+.} g5 (39... Rc1+ $142 40. Kg2 g6 41. Ra7+ Kh8 42. hxg6 Bxg6) 40. Ra7+ Kh8 41. fxg5 hxg5 42. h6 Bxc4 (42... g4 $18 43. a4 Rc2) 43. Be4 Rh3 44. Ra8+ Bg8 45. h7 Rxh7 46. Bxh7 Kxh7 47. Rc8 (47. a4 $142 Bd5 48. Rc8 Bf3 49. Rxc5 Kg7 50. a5 Be2 51. Rxg5+ Kf6 52. f4) 47... c4 48. a4 {Precision: White = 62%, Black = 39%.} 1-0

[Event "RUS-chT Premier League 2018"]
[Site "Sochi"]
[Date "2018.05.01"]
[Round "1"]
[White "Lobanov, Sergei"]
[Black "Maletin, Pavel"]
[Result "0-1"]
[WhiteElo "2482"]
[BlackElo "2572"]
[Annotator "TA"]
[PlyCount "112"]
[EventDate "2018.??.??"]
[EventCountry "RUS"]
[SourceTitle "playchess.com"]
[Source "ChessBase"]
[SourceQuality "1"]

{[%evp 22,112,17,24,19,0,9,6,21,-11,0,-18,0,-29,-22,-23,-33,-31,-23,-47,-35,-41,-49,-25,-38,-49,-56,-204,-88,-89,-92,-260,-260,-253,-260,-260,-260,-253,-253,-253,-212,-212,-212,-220,-212,-200,-175,-190,-181,-162,-159,-224,-224,-379,-202,-372,-372,-401,-394,-425,-260,-267,0,-435,-372,-387,-260,-260,-253,-245,-245,-245,-245,-245,-243,-947,-350,-335,-288,-286,-260,-358,-307,-5097,-1541,-1276,-1240,-1227,-1157,-1116,-897,-882,-808]} 1. e4 e5 2. Nf3 Nc6 3. Bb5 a6 4. Ba4 Nf6 5. O-O Be7 6. d3 b5 7. Bb3 d6 8. a4 Bd7 9. c3 {C84: Closed Ruy Lopez: Unusual White 6th moves} Na5 10. Bc2 (10. Ba2 bxa4 11. Nbd2 O-O 12. Bb1 Bb5 13. Bc2 Nb7 14. c4 Bd7 15. Bxa4 Bxa4 16. Qxa4 Nc5 {½-½ (53) Carlsen,M (2837)-Ding,L (2774) Saint Louis 2017}) 10... c5 11. d4 Qb8 12. Bg5 {LiveBook: 13 Games} Be6 13. b3 $146 ({Predecessor:} 13. Nbd2 O-O 14. d5 Bd7 15. b4 Nb7 16. Qe2 Qd8 {½-½ (30) Tari,A (2570)-Sammalvuo,T (2427) Sweden 2016}) 13... cxd4 14. cxd4 O-O {[%cal Bh8f8,Bf8c8,Bc8c3][%mdl 32]} 15. Nbd2 Rc8 16. Bd3 Rc3 (16... b4 {is interesting.} 17. d5 Bg4 18. Nc4 Nxc4 19. Bxc4 h6) 17. Qe2 (17. axb5 {seems wilder.} axb5 18. Qb1 Nxb3 19. Rxa8 Qxa8 20. d5) 17... Nxb3 18. Nxb3 Rxb3 19. axb5 axb5 20. Rxa8 Qxa8 21. dxe5 dxe5 22. Nxe5 h6 23. Bh4 Qa3 $36 {[%mdl 2048] Threatens to win with ...Bd6. Black is pushing.} 24. f4 (24. Nc6 $15) 24... Nd7 (24... Bd6 $19 {and Black stays clearly on top. Strongly threatening ...g5!} 25. Bf2 Rb2) 25. Bxe7 $17 Qxe7 26. Bc2 $2 {[#]} (26. Nf3 $17) 26... Nxe5 $19 27. Bxb3 Bxb3 28. fxe5 {[%mdl 4096] Endgame KQR-KQB} Bc4 ({Not} 28... Qxe5 29. Rb1 $11) 29. Qb2 Bxf1 30. Kxf1 {KQ-KQ} Qc5 31. Ke2 Qc4+ 32. Ke3 b4 33. g3 b3 34. Kd2 Qxe4 35. Qxb3 Qg2+ 36. Ke3 (36. Ke1 $17 {is a better defense.}) 36... Qxh2 37. Qb8+ Kh7 38. Qb1+ $2 (38. Kf3) 38... g6 39. Qe1 Qg2 40. Kf4 Qd5 41. Qc3 Qg2 $2 (41... g5+ 42. Ke3 Kg6 43. Qc2+ f5 44. exf6+ Kxf6) 42. Qe1 $1 Qh3 {[#] ...Qf5+ is the strong threat.} 43. Ke3 Qf5 44. Qc3 h5 45. Qc7 g5 46. Qe7 Kg7 47. Ke2 Kg6 48. Qe8 $2 (48. Qd6+ Qe6 49. Qd3+ Kg7 50. Qe4) 48... Qe4+ $2 (48... h4 49. gxh4 gxh4) 49. Kf2 {intending Qg8+.} Qd4+ 50. Kf1 Qc4+ 51. Kf2 Kf5 52. Qh8 $2 (52. Qd8 Qc2+ 53. Kf3 Qe4+ 54. Kf2) 52... Qc2+ (52... Qd4+ $142 53. Kf1 Kg4) 53. Ke1 Qc3+ 54. Kd1 Qd4+ 55. Kc2 Qf2+ 56. Kb1 Kg4 {Precision: White = 38%, Black = 64%.} 0-1

[Event "RUS-chT Premier League 2018"]
[Site "Sochi"]
[Date "2018.05.01"]
[Round "1"]
[White "Khanin, Semen"]
[Black "Pershin, Denis"]
[Result "0-1"]
[WhiteElo "2472"]
[BlackElo "2393"]
[Annotator "TA"]
[PlyCount "118"]
[EventDate "2018.??.??"]
[EventCountry "RUS"]
[SourceTitle "playchess.com"]
[Source "ChessBase"]
[SourceQuality "1"]

{[%evp 29,118,11,26,0,0,0,0,0,0,0,0,-13,-25,-64,-73,-72,-62,-56,-71,-52,-40,-79,-58,-109,-114,-103,-102,-133,-124,-122,-110,-120,-98,-273,-272,-151,-291,-358,-289,-423,-274,-429,-446,-409,0,-269,0,-407,-400,-611,-634,-629,-627,-609,-604,-604,-448,-430,-435,-439,-429,-425,-427,-415,-408,-369,-367,-597,-384,-719,-716,-845,-812,-1363,-1338,-1332,-1295,-2062,-1958,-1568,-1818,-1916,-1899,-1723,-1660,-1530,-1369,-1185,-1035,-958,-935]} 1. e4 c6 2. d4 d5 3. Nd2 dxe4 4. Nxe4 Bf5 5. Ng3 Bg6 6. h4 h6 7. Nf3 Nd7 8. h5 Bh7 9. Bd3 Bxd3 10. Qxd3 e6 11. Bd2 Ngf6 12. O-O-O Be7 13. Kb1 O-O 14. Ne4 c5 {B19: Classical Caro-Kann: 4...Bf5 main line} 15. g4 Nxg4 {LiveBook: 46 Games} 16. dxc5 {Hoping for Bxh6!} (16. Qe2 Qb6 17. Ne5 Ndxe5 18. dxe5 f5 19. exf6 Nxf6 20. Nc3 Rad8 21. Rhg1 Kh8 22. Rg6 {½-½ (38) Saric,I (2662)-Nisipeanu,L (2672) Heraklio 2017}) 16... f5 $146 {The position is equal.} ({Predecessor:} 16... Nxc5 17. Nxc5 Nxf2 18. Qc3 Nxd1 19. Rxd1 Qd5 20. Rg1 f6 21. Nb3 Qxh5 22. Qe3 {½-½ (109) Lokesh,P (2253)-Thejkumar,M (2460) Dharamshala 2014}) 17. Bc3 Nxc5 18. Qe2 Qe8 19. Nxc5 $1 Bxc5 20. Nd4 Bxd4 21. Bxd4 e5 $1 {[%cal Re5d4]} 22. Bc3 {[#]} e4 $1 23. f3 exf3 24. Qxf3 Qc6 25. Qf4 Rae8 26. Rhe1 (26. Rhg1 $15) 26... Re4 $17 27. Rxe4 Qxe4 28. Qc7 {[%csl Gc3][%cal Rc7g7]} Rf7 $40 {[%mdl 128] Black goes for the king.} 29. Qc8+ Kh7 30. a3 Nf6 31. Rd8 $2 (31. Bxf6 $17 Rxf6 32. Rd8 Qe1+ 33. Ka2 Qe6+ 34. Qxe6 Rxe6 35. Rf8) 31... Nxh5 $19 (31... Qh1+ 32. Ka2 $15) 32. Rh8+ Kg6 33. Qg8 Nf6 34. Bxf6 (34. Rxh6+ {might work better.} Kxh6 35. Qxf7) 34... Qe1+ (34... Kxf6 $2 35. Qd8+ Re7 36. Re8 $19) (34... Rxf6 35. Qh7+ Kh5 36. Qxg7 $17) 35. Ka2 Qe6+ (35... Kxf6 $2 36. Qd8+ Re7 37. Qd4+ Qe5 38. Rf8+ Kg6 39. Qg1+ Kh7 40. c4 $19) ({Worse is} 35... Rxf6 36. Qh7+ Kh5 37. Qxg7 $11) 36. Kb1 Qe1+ (36... Rxf6 37. Qh7+ Kh5 38. Qxg7 $11) ({Weaker is} 36... Kxf6 37. Qd8+ Kg6 38. Qh4 $19) 37. Ka2 {Strongly threatening Rxh6+.} Qe6+ ({Inferior is} 37... Rxf6 38. Qh7+ Kh5 39. Qxg7 $11) (37... Kxf6 $142 38. Qd8+ Re7 39. Qd4+ Qe5 40. Qxa7 Qd5+ 41. b3 Re1 42. Rf8+ Kg5) 38. Kb1 $1 {Threatens to win with Bc3.} Qxf6 {[%mdl 4096] Endgame KQR-KQR} 39. Qc8 (39. Qe8 $142 Qe7 40. Qc8) 39... Qc6 40. Qd8 Qd7 41. Qb8 {intending Qg3+.} Qd1+ 42. Ka2 f4 43. Qe5 Qg4 44. Qe4+ Qf5 45. Qg2+ Kf6 46. Qf3 Qe6+ 47. b3 Qe3 48. Qd5 $2 (48. Qg2 f3 49. Qg3) 48... Qe5 49. Qd8+ $2 (49. Qf3 Rc7 50. Kb1) 49... Kg6 {Black is clearly winning.} 50. Qd3+ Qf5 {...Qxd3 is the strong threat.} 51. Qd2 f3 52. Qf2 Qg4 53. Kb2 Qg2 54. Qe3 f2 55. Qe6+ Rf6 56. Qe8+ Kg5 57. Qe5+ Kh4 58. Rd8 f1=Q 59. Rd4+ {[#]} Qg4 $1 {Precision: White = 48%, Black = 88%.} 0-1

[Event "RUS-chT Premier League 2018"]
[Site "Sochi"]
[Date "2018.05.01"]
[Round "1"]
[White "Drygalov, Andrey"]
[Black "Matlakov, Maxim"]
[Result "0-1"]
[WhiteElo "2446"]
[BlackElo "2704"]
[Annotator "TA"]
[PlyCount "66"]
[EventDate "2018.??.??"]
[EventCountry "RUS"]
[SourceTitle "playchess.com"]
[Source "ChessBase"]
[SourceQuality "1"]

{[%evp 21,66,23,18,19,44,25,18,8,17,-8,0,0,0,0,-8,-100,-104,-171,-157,-330,-331,-323,-332,-329,-322,-330,-282,-295,-295,-280,-282,-341,-334,-362,-356,-358,-339,-411,-400,-473,-466,-449,-359,-399,-398,-458,-453]} 1. e4 d6 2. d4 Nf6 3. Nc3 g6 4. f4 Bg7 5. Nf3 O-O 6. Bd3 Nc6 7. e5 dxe5 8. fxe5 Nh5 9. Be3 Bg4 10. Be2 f6 11. exf6 {B09: Pirc Defence: Austrian Attack} Nxf6 {LiveBook: 4 Games} 12. Qd2 Nd5 13. Nxd5 {White is slightly better.} Qxd5 14. O-O e5 {[%cal Be7e5,Be5d4,Bd4d3][%mdl 32] [#]} 15. c4 $146 ({Predecessor:} 15. b3 Qd6 16. Bc4+ Kh8 17. Nxe5 Nxe5 18. dxe5 Qxd2 19. Rxf8+ Rxf8 20. Bxd2 Bxe5 {½-½ (37) Pessoa,F (2525)-Telepnev,I (2411) ICCF email 2010}) 15... Qd7 {[%cal Rc6d4]} 16. d5 Nd4 17. Bxd4 exd4 18. h3 {[#]} (18. Rae1 $11 {keeps the balance.}) 18... Bxh3 $1 $17 19. gxh3 (19. Nxd4 $17 Qd6 20. Rxf8+ (20. gxh3 $2 Qg3+ 21. Kh1 Qxh3+ 22. Kg1 Bh6 $19) 20... Rxf8 21. Rf1) 19... Qxh3 $19 20. Qg5 $2 {[#]} (20. d6 $17) 20... d3 $1 {[%mdl 512]} 21. Qg2 (21. Bxd3 Bh6) 21... Qxg2+ 22. Kxg2 dxe2 23. Rf2 Rf4 ({But not} 23... Bxb2 24. Re1 $19) 24. Rxe2 Rxc4 25. Rd1 Rd8 26. Kg3 Bf6 27. b3 Rc5 28. Red2 Kg7 29. d6 cxd6 30. Rxd6 Rxd6 31. Rxd6 Rc7 32. Kf4 h5 33. a4 Rf7 {Precision: White = 34%, Black = 94%.} 0-1

[Event "RUS-chT Premier League 2018"]
[Site "Sochi"]
[Date "2018.05.01"]
[Round "1"]
[White "Palchun, Grigory"]
[Black "Bocharov, Ivan"]
[Result "0-1"]
[WhiteElo "2443"]
[BlackElo "2547"]
[Annotator "TA"]
[PlyCount "66"]
[EventDate "2018.??.??"]
[EventCountry "RUS"]
[SourceTitle "playchess.com"]
[Source "ChessBase"]
[SourceQuality "1"]

{[%evp 12,66,-72,-89,0,0,0,0,0,0,0,0,0,0,44,52,57,67,91,56,82,84,67,72,95,-128,-131,-136,-138,-144,-129,-110,-29,-254,-251,-249,-259,-322,-316,-316,-293,-281,-257,-497,-464,-562,-198,-638,-625,-4132,-1516,-29993,-1909,-1903,-1845,-1415,-1098]} 1. e4 e5 2. Nf3 Nf6 3. d4 Nxe4 4. dxe5 Bc5 5. Qd5 Bxf2+ 6. Kd1 {C43: Petroff Defence: 3 d4} f5 7. Bc4 {[%csl Gc4][%cal Rd5f7] LiveBook: 5 Games} Rf8 $146 (7... Qe7 $17 8. Nc3 c6) ({Predecessor:} 7... Qe7 8. Nc3 c6 9. Qd3 b5 10. Bb3 a5 11. a4 b4 12. Nxe4 fxe4 {0-1 (28) Bruzon Batista,L (2607)-Ivanchuk,V (2787) Merida 2007}) 8. Nc3 $11 {[%cal Bb1c3,Bc3e4,Be4d6][%mdl 32] The position is equal.} c6 9. Nxe4 {White wants to mate with Nd6+.} cxd5 10. Nd6+ Ke7 11. Bg5+ {[#]} Rf6 $1 12. Bxd5 (12. exf6+ Kxd6) 12... Qa5 13. c4 $1 Nc6 {And now ...Nxe5! would win.} 14. Nxf5+ $1 Kf8 15. exf6 gxf6 16. Bxf6 {Strongly threatening Rf1.} Nb4 17. Bc3 Qb6 18. Ng5 $2 (18. Bxb4+ $1 $16 {and life is bright.} Qxb4 19. Kc2) 18... Nxd5 $17 19. cxd5 {Hoping for Rf1.} d6 20. Ne6+ Bxe6 21. dxe6 {aiming for Rf1.} Qc5 (21... Bg1 $1 $17 22. Rc1 Qf2) 22. e7+ $2 (22. g4 $1 $11 {and White is okay.} Qd5+ 23. Ke2) 22... Ke8 $1 $19 23. g4 Qd5+ 24. Kc2 Qe4+ 25. Kb3 Qxg4 26. Nxd6+ Kxe7 27. Rad1 $2 (27. Rhf1 b5 28. Nxb5 Qe6+ 29. Ka3 Qa6+ 30. Kb4) 27... Rd8 28. Bb4 {[#]} Ke6 $2 $40 {[%mdl 128] Black has strong attack.} (28... a5 $1 {[%mdl 512]} 29. Bxa5 Qf3+ 30. Kc2 Rxd6) 29. Rhf1 $2 {[#]} (29. a4) 29... a5 $1 {[%mdl 512]} 30. Ba3 {[#]} (30. Bxa5 Qf3+) 30... b5 $1 {[%mdl 512]} 31. Rd3 {[#]} (31. Nxb5 a4+) 31... Qa4+ (31... Rc8 $142 $1 {[%mdl 512]} 32. Re3+ (32. Nxc8 Qc4#) 32... Bxe3 33. Bc5 a4+ 34. Kc3 Rxc5+ 35. Kd3 Qd4+ 36. Ke2 Rc2+ 37. Kf3 Qf4#) 32. Kc3 b4+ {[%cal Bb5b4,Bb4a3][%mdl 32]} 33. Kd2 bxa3 {Precision: White = 21%, Black = 50%.} 0-1

[Event "RUS-chT Premier League 2018"]
[Site "Sochi"]
[Date "2018.05.01"]
[Round "1"]
[White "Shinkevich, Vitaly"]
[Black "Potkin, Vladimir"]
[Result "0-1"]
[WhiteElo "2438"]
[BlackElo "2574"]
[Annotator "TA"]
[PlyCount "68"]
[EventDate "2018.??.??"]
[EventCountry "RUS"]
[SourceTitle "playchess.com"]
[Source "ChessBase"]
[SourceQuality "1"]

{[%evp 18,68,0,0,0,0,-8,-7,-8,-18,0,-21,-18,-22,-20,-46,-36,-40,-19,-22,-23,-20,-34,-22,-7,-19,0,-6,-4,-11,-6,-12,-7,-29,0,-41,0,-46,-43,-58,-43,-473,-471,-472,-467,-456,-429,-616,-612,-947,-852,-29990,-29991]} 1. d4 Nf6 2. Nf3 d5 3. c4 e6 4. Nc3 c6 5. g3 dxc4 6. Ne5 {E01: Catalan: Early deviations} (6. Bg2 Nbd7 7. O-O Be7 8. a4 O-O 9. a5 Nd5 10. Bd2 b5 11. axb6 Qxb6 12. Na4 Qd8 13. Qc2 Ba6 14. Rfd1 Bb5 15. e4 Nb4 16. Bxb4 Bxb4 17. d5 cxd5 18. Nd4 Bxa4 19. Rxa4 Bc5 20. exd5 Bxd4 21. Rxd4 {½-½ (21) Nakamura,H (2780)-Ding,L (2774) Palma de Mallorca 2017}) 6... Nbd7 7. Nxc4 b5 8. Ne3 Bb7 9. Bg2 Qb6 10. O-O {LiveBook: 4 Games} Be7 11. b3 O-O 12. Bb2 Rfd8 13. Qc2 Rac8 {[#]} 14. Rad1 $146 ({Predecessor:} 14. Rac1 Nd5 15. Ncxd5 cxd5 {½-½ (15) Petkov,V (2549)-Andersen,M (2483) Can Picafort 2013}) 14... Nd5 15. Ng4 h5 16. Ne5 Nxe5 17. dxe5 Nxc3 18. Bxc3 c5 19. Ba5 Qxa5 20. Bxb7 Rb8 21. Be4 Qb4 22. Bh7+ Kf8 {With the idea ...g6.} 23. Bd3 Rd5 24. f4 Rbd8 {next ...c4! is good for Black.} 25. Rc1 g6 26. Kg2 Kg7 27. a3 Qa5 28. Ra1 Rd4 {[#] aiming for ...c4.} 29. Rfc1 $2 {[%mdl 8192]} (29. Rfd1 $15) 29... c4 $19 30. bxc4 bxc4 31. Be4 Rd2 32. Qxc4 (32. Qc3 $142 Rxe2+ 33. Kf3 Qxc3+ 34. Rxc3) 32... R8d4 33. Qc7 Rxe2+ 34. Kh3 Rdd2 {Precision: White = 23%, Black = 62%.} 0-1